Most Lines in Game of Thrones (Season 1) Quiz Stats

 Plays Quiz Updated Mar 3, 2019

Score 0/44 Timer 07:00
66 Plays Today
# of Lines Character % Correct
341Eddard Stark
98.3%
222Tyrion Lannister
96.5%
149Jon Snow
96.4%
102Arya Stark
95.9%
101Sansa Stark
94.9%
115Queen Cersei Baratheon
94.7%
83Jaime Lannister
94.3%
117King Robert Baratheon
93.6%
159Catelyn Stark
93.6%
102Robb Stark
93.1%
70Bran Stark
91.2%
151Daenerys Targaryen
90.3%
115Petyr Baelish
89%
62Joffrey Baratheon
88.4%
81Varys
84.4%
43Khal Drogo
83.5%
34Tywin Lannister
81.4%
104Ser Jorah Mormont
81.3%
74Theon Greyjoy
78.7%
64Samwell Tarly
75.8%
70Viserys Targaryen
75.6%
43Renly Baratheon
73.2%
# of Lines Character % Correct
36Lord Commander Jeor Mormont
67.8%
42Grand Maester Pycelle
66.9%
37Bronn
66.3%
33Lysa Arryn
65.5%
42Maester Luwin
63.6%
21Ser Loras Tyrell
58.1%
23Ser Alliser Thorne
52.2%
24Grenn
50.5%
25Ser Barristan Selmy
50%
36Jory Cassel
50%
30Osha
49.5%
25Benjen Stark
48.8%
38Ros
47.7%
33Shae
44.6%
29Syrio Forel
42.5%
23Irri
40.6%
27Doreah
40.4%
30Mirri Maz Duur
38.9%
35Septa Mordane
37.2%
20Yoren
32.5%
24Jon Umber
23.6%
24Rakharo
21.7%

You're not logged in!

Compare scores with friends on all Sporcle quizzes.
OR
Log In

You Might Also Like...

Show Comments

Extras

Top Quizzes Today


Score Distribution

Your Account Isn't Verified!

In order to create a playlist on Sporcle, you need to verify the email address you used during registration. Go to your Sporcle Settings to finish the process.

Report this User

Report this user for behavior that violates our Community Guidelines.

Details: